Países más cercanos a Guinea-Bissau - Estadísticas

Estadísticas generales
  • Esta prueba ha sido intentada 67 veces
  • La puntuación promedio es 18 de 20
Estadísticas de respuestas
km país % Correcto
1511 Níger
100%
1832 Nigeria
100%
0 Guinea
98%
0 Senegal
98%
900 Burkina Faso
97%
208 Malí
97%
280 Mauritania
97%
1479 Togo
97%
637 Côte d'Ivoire
95%
1188 Ghana
95%
249 Sierra Leona
95%
61 Gambia
93%
519 Liberia
93%
1668 Marruecos
93%
1657 Argelia
90%
1586 Benín
90%
758 Cabo Verde
86%
1674 España
68%
2225 Portugal
64%
921 Sahara Occidental
51%
No se encontraron pruebas coincidentes
Distribución de puntuación
Porcentaje de gente con cada puntuación
Porcentaje por número respondido
Historial de tus puntuaciones
No has intentado esta prueba.